| 000 | 00394cam a22001217a 4500 | ||
|---|---|---|---|
| 008 | 180718b1977 xxu||||| |||| 00| 0 eng d | ||
| 082 | _aB19x54 So13 | ||
| 245 |
_aSociety and change: essays in honour of Sachin Chaudhuri _cedited by K.S. Krishnaswamy et.al |
||
| 260 |
_aBombay _bOxford University Press _c1977 |
||
| 300 | _a327p. | ||
| 650 | _aSocial change - India | ||
| 700 | _aKrishnaswamy, K.S. | ||
| 999 |
_c354670 _d354670 |
||